| 000 | 00589nam a2200205Ia 4500 | ||
|---|---|---|---|
| 005 | 20250923145218.0 | ||
| 008 | 008 250917s9999 xx 000 0 eng d | ||
| 037 | _aTextual | ||
| 040 |
_aDSWL _beng _cDSWL |
||
| 041 |
_aeng _2eng |
||
| 084 |
_aT4oaW.231, N68 _qDSWL |
||
| 100 |
_aAltbach, Philip G. _9832948 |
||
| 245 | 0 |
_aStudent Politics in Bombay _cby Philip G. Altbach |
|
| 260 |
_aBombay _bAsia Publiing House _c1968 |
||
| 300 | _a160p. | ||
| 365 |
_aINR _b22.00 |
||
| 925 | _g22.00 | ||
| 942 |
_cTEXL _hT4oaW.231, N68 |
||
| 999 |
_c1448514 _d1448514 |
||